000 00521nam a22001577a 4500
005 20251015095955.0
008 251015b |||||||| |||| 00| 0 eng d
020 _a978-93-515-0660-7
040 _aNational Science Library
_cNational Science Library
080 _a574.1
_bQ6
100 _aSrivastava, Shivendu K
245 _aCommercial use of biodiversity:
_bResolving the access and benefit sharing issues
260 _aNew Delhi:
_bSage Publications India Pvt. Ltd.
_c2016
300 _axxi, 320p.
942 _2udc
_cBK
999 _c67845
_d67845